000 00896nam a2200241Ii 4500
003 JO-AjNU
008 230605s9999||||xx |||||||||||||| ||und||
017 _a2009/7399
020 _a978-99901-38-28-3
040 _aJO-AjNU
_bara
_erda
_cJO-AjNU
041 _aara
050 1 4 _aKMF1440.7.B38.2009
100 3 _aالبطراوي ، عبدالوهاب عمر ,
_eauthor
_953090
245 0 0 _aشرح جرائم الأمن الوطني
250 _aط3
264 3 1 _aمملكة البحرين : جامعة العلوم التطبيقية، 2009
300 _a223ص
336 _atext
_btxt
_2rdacontent
337 _aunmediated
_bn
_2rdamedia
338 _avolume
_bnc
_2rdacarrier
490 0 _aجامعة العلوم التطبيقية - مملكة البحرين ؛ سلسلة الكتب القانونية (1)
650 4 _aجرائم سياسية -- قانون جنائي
_953091
999 _aA23557
_c27125
_d27125